Suma de tratos y contratos / Tomás de Mercado ; edición y estudio preliminar por Nicolás Sánchez-Albornoz ; transcripción de Graciela S. B. de Sánchez-Albornoz
Descripción Física:
2 v. ; 21 cm
MARC
| LEADER | 00000nam a2200000Ia 4500 | ||
|---|---|---|---|
| 001 | 795, 796 | ||
| 008 | 160829s9999 xx 000 0 cat d | ||
| 080 | |a M-3-81, M-3-82 | ||
| 100 | |a Mercado, Tomás de |9 28478 | ||
| 245 | |a Suma de tratos y contratos / Tomás de Mercado ; edición y estudio preliminar por Nicolás Sánchez-Albornoz ; transcripción de Graciela S. B. de Sánchez-Albornoz | ||
| 260 | |a Madrid : |b Instituto de Estudios Fiscales, DL 1977 | ||
| 300 | |a 2 v. ; |c 21 cm | ||
| 490 | |a Clásicos del pensamiento económico español ; 4 | ||
| 650 | |a Contractes |x S. XVI |9 28479 | ||
| 650 | |a Dret mercantil |x Història |x S. XVI |9 28480 | ||
| 650 | |a Espanya |x Comerç |x Història |x S. XVI I |9 28481 | ||
| 650 | |a Mercantilisme |x Espanya |x S. XVI |9 28482 | ||
| 700 | |a Sánchez-Albornoz, Nicolás, ed. |9 28483 | ||
| 700 | |a Sánchez-Albornoz, Graciela S. B. de, ed. |9 28484 | ||
| 901 | |a Arxiu | ||
| 942 | |n 1 | ||
| 952 | |0 0 |1 0 |4 0 |6 M381_M382 |7 1 |9 44830 |a Arxiu |b Arxiu |d 2016-12-01 |l 0 |o M-3-81, M-3-82 |p 795, 796 |r 2016-12-01 00:00:00 |w 2016-12-01 |y ARXIU | ||
| 999 | |c 47428 |d 47428 | ||